| 000 | 00553cam a2200193 4500 | ||
|---|---|---|---|
| 001 | D6877 | ||
| 008 | 090401t1983 xxu||||| |||| 00| 0 eng d | ||
| 035 | _a(Sirsi) u3711 | ||
| 041 | _aeng | ||
| 050 | _a333.332 | ||
| 100 | _aMackmin, David | ||
| 245 | 2 | _aA study companion to the income approach to property valuation | |
| 260 |
_aReading _bUniversity of Reading Department of Land _c1983 |
||
| 300 | _a57p. 30cm | ||
| 350 | _a2.25 | ||
| 490 |
_aStudent Guides to Land Management and Development Appraisal _v2 |
||
| 942 | _n0 | ||
| 948 | _c04/03/1997 | ||
| 999 |
_c85925 _d85925 |
||